Nguyễn Tuân: Tác phẩm văn học được giải thưởng Hồ Chí Minh
Giới thiệu các tác phẩm của Nguyễn Tuân: Suối quặng, Huyện Đảo, Tây Bắc và Lào Cai, một vụ bắt rượu lậu, chiếc va li mới, võng ngô đồng, cống thần, bàn đạp, làng hoa, người lái đò sông đà......
Đã lưu trong:
| 主要作者: | |
|---|---|
| 其他作者: | |
| 格式: | 圖書 |
| 語言: | Undetermined |
| 出版: |
H.
Văn học
2006
|
| 主題: | |
| 在線閱讀: | http://lrc.tdmu.edu.vn/opac/search/detail.asp?aID=2&ID=18367 |
| 標簽: |
添加標簽
沒有標簽, 成為第一個標記此記錄!
|
| Thư viện lưu trữ: | Trung tâm Học liệu Trường Đại học Thủ Dầu Một |
|---|
| LEADER | 01032nam a2200205Ia 4500 | ||
|---|---|---|---|
| 001 | TDMU_18367 | ||
| 008 | 210410s9999 xx 000 0 und d | ||
| 082 | |a 895.922334 | ||
| 090 | |b NG527 | ||
| 100 | |a Nguyễn, Tuân | ||
| 245 | 0 | |a Nguyễn Tuân: Tác phẩm văn học được giải thưởng Hồ Chí Minh | |
| 260 | |a H. | ||
| 260 | |b Văn học | ||
| 260 | |c 2006 | ||
| 300 | |a 1285tr. | ||
| 520 | |a Giới thiệu các tác phẩm của Nguyễn Tuân: Suối quặng, Huyện Đảo, Tây Bắc và Lào Cai, một vụ bắt rượu lậu, chiếc va li mới, võng ngô đồng, cống thần, bàn đạp, làng hoa, người lái đò sông đà... | ||
| 650 | |a Nguyễn Tuân, |d 1910-1987; Văn học Việt Nam |v Hồi Ký; Tiểu thuyết Việt Nam | ||
| 700 | |a Thạch Sơn | ||
| 856 | |u http://lrc.tdmu.edu.vn/opac/search/detail.asp?aID=2&ID=18367 | ||
| 980 | |a Trung tâm Học liệu Trường Đại học Thủ Dầu Một | ||